Ciencia y ficción / (Record no. 108949)

MARC details
000 -LEADER
campo de control de longitud fija 00614nam a2200205 4500
001 - NÚMERO DE CONTROL
campo de control 108949
003 - IDENTIFICADOR DE NÚMERO DE CONTROL
campo de control ES-MaACL
005 - FECHA Y HORA DE LA ÚLTIMA TRANSACCIÓN
campo de control 20230906184738.0
007 - CAMPO FIJO DE DESCRIPCIÓN FÍSICA--INFORMACIÓN GENERAL
campo de control de longitud fija t|
008 - DATOS DE LONGITUD FIJA--INFORMACIÓN GENERAL
campo de control de longitud fija 061121s1965 sp r ||||1| spa d
100 1# - ENTRADA PRINCIPAL--NOMBRE DE PERSONA
Nombre de persona Moore, Patrick.
9 (RLIN) 82823
245 10 - MENCIÓN DEL TÍTULO
Título Ciencia y ficción /
Mención de responsabilidad, etc. Patrick Moore ; versión española de Victoriano Gil Pascual.
260 ## - PUBLICACIÓN, DISTRIBUCIÓN, ETC.
Lugar de publicación, distribución, etc. Madrid :
Nombre del editor, distribuidor, etc. Taurus,
Fecha de publicación, distribución, etc. 1965.
300 ## - DESCRIPCIÓN FÍSICA
Extensión 256 p. ;
Dimensiones 18 cm.
490 1# - MENCIÓN DE SERIE
Mención de serie Ser y tiempo ;
Designación de volumen o secuencia 34
700 1# - ENTRADA AGREGADA--NOMBRE PERSONAL
Nombre de persona Gil Pascual, Victoriano.
9 (RLIN) 56856
830 0# - PUNTO DE ACCESO ADICIONAL DE SERIE-TÍTULO UNIFORME
Título uniforme Ser y tiempo ;
Designación de volumen o secuencia 34
9 (RLIN) 182364
852 ## - LOCALIZACIÓN
Ubicación ES-MaACL
Número de control de estantería C-28319
Sublocalización o colección R.56868
Holdings
Estatus retirado Estado de pérdida Estado de daño No para préstamo Biblioteca de origen Biblioteca actual Ubicación en estantería Fecha de adquisición Fuente de adquisición Total de préstamos Signatura topográfica completa Código de barras Visto por última vez Precio de reemplazo Tipo de ítem Koha
        Biblioteca del Ateneo de Madrid Biblioteca del Ateneo de Madrid Depósito 2 17/01/2008     C-28319 1113681 23/02/2023 23/02/2023 Libro impreso